Central Library OPAC University of Rajshahi
Normal view MARC view

Entry Personal Name

Number of records used in: 2

001 - CONTROL NUMBER

  • control field: 7055

003 - CONTROL NUMBER IDENTIFIER

  • control field: BD-RjUL

005 - DATE AND TIME OF LATEST TRANSACTION

  • control field: 20230222154255.0

008 - FIXED-LENGTH DATA ELEMENTS

  • fixed length control field: 230222|| aca||aabn | a|a d

040 ## - CATALOGING SOURCE

  • Original cataloging agency: BD-RjUL
  • Transcribing agency: BD-RjUL

100 ## - HEADING--PERSONAL NAME

  • Personal name: সিরাজ-উদ-দৌলা,
  • Titles and other words associated with a name: বাংলার নবাব,
  • Chronological subdivision: ১৭৫৭

670 ## - SOURCE DATA FOUND

  • Source citation: Work cat.: (BD-RjUL)39542: দে, অমলেন্দু 121806, সিরাজের পুত্র ও বংশধরদের সন্ধানে /, ২০১৪.